<?xml version="1.0" encoding="UTF-8"?><record xmlns="http://www.loc.gov/MARC21/slim" xmlns:zs="http://docs.oasis-open.org/ns/search-ws/sruResponse">
  <leader>02348ckm a22004697a 4500</leader>
  <controlfield tag="001">23824998</controlfield>
  <controlfield tag="005">20250607131112.4</controlfield>
  <controlfield tag="007">kl||||</controlfield>
  <controlfield tag="008">240814s1900    |||nnn        |   kneng  </controlfield>
  <datafield ind1=" " ind2=" " tag="035">
    <subfield code="a">23824998</subfield>
  </datafield>
  <datafield ind1=" " ind2=" " tag="906">
    <subfield code="a">7</subfield>
    <subfield code="b">cbc</subfield>
    <subfield code="c">orignew</subfield>
    <subfield code="d">u</subfield>
    <subfield code="e">ncip</subfield>
    <subfield code="f">20</subfield>
    <subfield code="g">y-printpho</subfield>
  </datafield>
  <datafield ind1=" " ind2=" " tag="955">
    <subfield code="a">pnpm qw26 2024-08</subfield>
  </datafield>
  <datafield ind1=" " ind2=" " tag="010">
    <subfield code="a">  2024636187</subfield>
  </datafield>
  <datafield ind1=" " ind2=" " tag="037">
    <subfield code="a">LC-DIG-ppmsca-55249</subfield>
    <subfield code="b">DLC</subfield>
    <subfield code="c">(digital file from original)</subfield>
  </datafield>
  <datafield ind1=" " ind2=" " tag="040">
    <subfield code="a">DLC</subfield>
    <subfield code="b">eng</subfield>
    <subfield code="e">dcrmg</subfield>
    <subfield code="c">DLC</subfield>
  </datafield>
  <datafield ind1="0" ind2="0" tag="050">
    <subfield code="a">Unprocessed in PR 13 CN 2010:100,</subfield>
    <subfield code="b">P79.633</subfield>
  </datafield>
  <datafield ind1="0" ind2="0" tag="245">
    <subfield code="a">[Biltmore, estate for George Washington Vanderbilt II, Asheville, North Carolina. House reflected in landscaped lagoon]</subfield>
    <subfield code="h">[graphic].</subfield>
  </datafield>
  <datafield ind1=" " ind2=" " tag="260">
    <subfield code="c">[ca. 1900]</subfield>
  </datafield>
  <datafield ind1=" " ind2=" " tag="300">
    <subfield code="a">1 photograph :</subfield>
    <subfield code="b">gelatin silver print ;</subfield>
    <subfield code="c">sheet 20 x 40 cm</subfield>
  </datafield>
  <datafield ind1=" " ind2=" " tag="336">
    <subfield code="a">still image</subfield>
    <subfield code="b">sti</subfield>
    <subfield code="2">rdacontent</subfield>
  </datafield>
  <datafield ind1=" " ind2=" " tag="337">
    <subfield code="a">unmediated</subfield>
    <subfield code="b">n</subfield>
    <subfield code="2">rdamedia</subfield>
  </datafield>
  <datafield ind1=" " ind2=" " tag="338">
    <subfield code="a">sheet</subfield>
    <subfield code="b">nb</subfield>
    <subfield code="2">rdacarrier</subfield>
  </datafield>
  <datafield ind1=" " ind2=" " tag="500">
    <subfield code="a">Title, date and subject information from Sam Watters, 2024.</subfield>
  </datafield>
  <datafield ind1=" " ind2=" " tag="500">
    <subfield code="a">Architect: Richard M. Hunt; Landscape architect: Olmsted, Olmsted &amp; Eliot.</subfield>
  </datafield>
  <datafield ind1=" " ind2=" " tag="500">
    <subfield code="a">Project completed in 1895.</subfield>
  </datafield>
  <datafield ind1=" " ind2=" " tag="506">
    <subfield code="a">Use digital images. Original served only by appointment because material requires special handling. For more information see:</subfield>
    <subfield code="u">https://hdl.loc.gov/loc.pnp/pp.info.apptonly</subfield>
  </datafield>
  <datafield ind1=" " ind2=" " tag="540">
    <subfield code="a">No known restrictions on publication.</subfield>
  </datafield>
  <datafield ind1=" " ind2=" " tag="541">
    <subfield code="c">Gift;</subfield>
    <subfield code="a">American Institute of Architects / American Architectural Foundation;</subfield>
    <subfield code="d">2010;</subfield>
    <subfield code="e">(DLC/PP-2010:100)</subfield>
  </datafield>
  <datafield ind1=" " ind2=" " tag="580">
    <subfield code="a">Forms part of: The Hunt Collection in the AIA/AAF Collection (Library of Congress)</subfield>
  </datafield>
  <datafield ind1="1" ind2="4" tag="600">
    <subfield code="a">Vanderbilt, George Washington,</subfield>
    <subfield code="d">1862-1914</subfield>
    <subfield code="x">Homes &amp; haunts</subfield>
    <subfield code="z">North Carolina</subfield>
    <subfield code="z">Asheville.</subfield>
  </datafield>
  <datafield ind1=" " ind2="7" tag="650">
    <subfield code="a">Mansions</subfield>
    <subfield code="z">North Carolina</subfield>
    <subfield code="z">Asheville</subfield>
    <subfield code="y">1900.</subfield>
    <subfield code="2">lctgm</subfield>
  </datafield>
  <datafield ind1=" " ind2="7" tag="650">
    <subfield code="a">Lakes &amp; ponds</subfield>
    <subfield code="z">North Carolina</subfield>
    <subfield code="z">Asheville</subfield>
    <subfield code="y">1900.</subfield>
    <subfield code="2">lctgm</subfield>
  </datafield>
  <datafield ind1=" " ind2="7" tag="650">
    <subfield code="a">Estates</subfield>
    <subfield code="z">North Carolina</subfield>
    <subfield code="z">Asheville</subfield>
    <subfield code="y">1900.</subfield>
    <subfield code="2">lctgm</subfield>
  </datafield>
  <datafield ind1=" " ind2="4" tag="651">
    <subfield code="a">Biltmore (Asheville, N.C.)</subfield>
    <subfield code="y">1900.</subfield>
  </datafield>
  <datafield ind1=" " ind2="7" tag="655">
    <subfield code="a">Gelatin silver prints</subfield>
    <subfield code="y">1900.</subfield>
    <subfield code="2">gmgpc</subfield>
  </datafield>
  <datafield ind1="1" ind2=" " tag="700">
    <subfield code="a">Hunt, Richard Morris,</subfield>
    <subfield code="d">1827-1895,</subfield>
    <subfield code="e">architect.</subfield>
  </datafield>
  <datafield ind1="1" ind2=" " tag="710">
    <subfield code="a">Olmsted, Olmsted, and Eliot,</subfield>
    <subfield code="e">landscape architect.</subfield>
  </datafield>
  <datafield ind1=" " ind2=" " tag="852">
    <subfield code="a">Library of Congress</subfield>
    <subfield code="b">Prints and Photographs Division</subfield>
    <subfield code="e">Washington, D.C. 20540 USA</subfield>
    <subfield code="n">dcu</subfield>
    <subfield code="u">https://hdl.loc.gov/loc.pnp/pp.print</subfield>
  </datafield>
  <datafield ind1="4" ind2="1" tag="856">
    <subfield code="3">digital file from original</subfield>
    <subfield code="d">ppmsca</subfield>
    <subfield code="f">55249</subfield>
    <subfield code="q">p</subfield>
    <subfield code="u">https://hdl.loc.gov/loc.pnp/ppmsca.55249</subfield>
  </datafield>
  <datafield ind1=" " ind2=" " tag="985">
    <subfield code="a">pp/cph</subfield>
  </datafield>
  <datafield ind1=" " ind2=" " tag="985">
    <subfield code="a">pp/diof</subfield>
  </datafield>
  <datafield ind1=" " ind2=" " tag="991">
    <subfield code="b">c-P&amp;P</subfield>
  </datafield>
</record>
